| 000 | 00400nam a22001697a 4500 | ||
|---|---|---|---|
| 005 | 20160620105716.0 | ||
| 008 | 160620b xxu||||| |||| 00| 0 eng d | ||
| 020 | _a81-317-0516-1 | ||
| 041 | _aeng | ||
| 082 | _b8420 | ||
| 100 |
_aTaylor, Shirley _91677 |
||
| 245 | _aCommunication for Business | ||
| 260 |
_aDelhi _bPearson Education |
||
| 300 | _a391 | ||
| 650 |
_aManagement _9241 |
||
| 942 | _cBK | ||
| 999 |
_c3224 _d3223 |
||